Estadísticas para Todos los Equipos que han Jugado una Copa Mundial

Haz click aquí para tomar la prueba!

Estadísticas generales

  • Esta prueba ha sido tomada 2,881 veces
    (1,591 desde el último reinicio)
  • La puntuación promedio es 64 de 80

Estadísticas de respuestas

# Mejor lugar Equipo % Correcto
21CampeónBrasil
100%
17CampeónArgentina
99%
15CampeónFrancia
98%
13CampeónUruguay
98%
19CampeónAlemania /
Alemania Occidental
98%
18CampeónItalia
97%
15CampeónEspaña
97%
114to lugarRusia /
Unión Soviética
97%
103er lugarEstados Unidos
96%
16CuartosMéxico
96%
93er lugarChile
95%
6Ronda 2Japón
95%
6CuartosColombia
94%
12SubcampeónSuecia
93%
10SubcampeónPaíses Bajos
93%
5Ronda 2Australia
93%
1Ronda 1China
93%
15CampeónInglaterra
93%
5CuartoaPerú
92%
53er lugarCroacia
92%
1Ronda 1Canadá
92%
73er lugarPortugal
92%
8CuartosParaguay
92%
104to lugarCorea del Sur
92%
3Ronda 1Sudáfrica
91%
133er lugarBélgica
89%
11CuartosSuiza
89%
3Ronda 1Egipto
89%
2Ronda 1Nueva Zelanda
88%
3Ronda 2Ecuador
88%
3Ronda 2Noruega
87%
3CuartosIrlanda
87%
5Ronda 2Marruecos
86%
3Ronda 2Grecia
85%
3Ronda 1Serbia /
Serbia y Montenegro
85%
93er lugarPolonia
85%
5Ronda 1Irán
85%
3Ronda 1Bolivia
84%
1Ronda 1Panamá
84%
1Ronda 1Islandia
83%
5CuartosDinamarca
83%
5CuartosCosta Rica
83%
3Ronda 1Honduras
83%
5Ronda 2Arabia Saudita
82%
6Ronda 2Nigeria
82%
73er lugarAustria
81%
9SubcampeónHungría
81%
23er lugarTurquía
80%
1CuartosUcrania
79%
4Ronda 1Argelia
79%
7CuartosCamerún
79%
9SubcampeónRepública Checa /
Checoslovaquia
78%
2CuartosCorea del Norte
78%
1Ronda 1Irak
78%
7CuartosRumania
78%
1CuartosCuba
77%
74to lugarBulgaria
76%
1Ronda 1Eslovaquia
76%
2Ronda 1Eslovenia
74%
1Ronda 1Bosnia y
Herzegovina
73%
3CuartosGhana
73%
2CuartosSenegal
72%
3Ronda 1Costa de Marfil
71%
1Ronda 1Zaire
71%
5Ronda 1Túnez
71%
1Ronda 1Israel
69%
2Ronda 1El Salvador
69%
1Ronda 1Jamaica
68%
8Ronda 1Escocia
65%
1Ronda 1Haití
62%
1CuartosGales
61%
1Ronda 1Angola
60%
1Ronda 1Indias Orientales
Neerlandés
60%
94to lugarYugoslavia
58%
3CuartosIrlanda del Norte
49%
1Ronda 1Emiratos Árabes
Unidos
48%
1Ronda 1Togo
48%
1Ronda 1Trinidad y Tobago
46%
1Ronda 1Kuwait
37%
1Ronda 2Alemania Oriental
22%

Distribución de puntuación

Porcentaje por número respondido

Porcentaje de gente con cada puntuación

Historial de tus puntuaciones

No has tomado esta prueba desde el último reinicio